Revisión curricular 2011-2013 (Borrador) (Record no. 8426)
[ view plain ]
| 000 -LEADER | |
|---|---|
| campo de control de longitud fija | 00342nam a2200133Ia 4500 |
| 001 - NÚMERO DE CONTROL | |
| campo de control | 3185 |
| 008 - DATOS DE LONGITUD FIJA--INFORMACIÓN GENERAL | |
| campo de control de longitud fija | 241024s9999 xx 000 0 und d |
| 082 ## - NÚMERO DE LA CLASIFICACIÓN DECIMAL DEWEY | |
| Número de clasificación | RD/375.07/V234r |
| 100 ## - ENTRADA PRINCIPAL--NOMBRE DE PERSONA | |
| Nombre de persona | Rosa Vanderhorst |
| 245 #0 - MENCIÓN DEL TÍTULO | |
| Título | Revisión curricular 2011-2013 (Borrador) |
| 260 ## - PUBLICACIÓN, DISTRIBUCIÓN, ETC. | |
| Nombre del editor, distribuidor, etc. | Santo Domingo |
| Fecha de publicación, distribución, etc. | 2013 |
| 901 ## - ELEMENTOS DE DATOS A LOCAL LDA (RLIN) | |
| a | 4/9/2013 11:10:52 a.m. |
No items available.